01399cam a2200385 i 450000100090000000300040000900500170001300800410003001000170007102000290008802000260011702500260014303500240016903500210019303700530021404000670026704200210033404300210035505000250037608200180040124500990041926400420051830000290056033600260058933700280061533800270064349000450067050000260071550400670074165000360080865000410084465100420088565100410092770000450096819264453OSt20231204122825.0160509s2016 ii b 001 0 eng d a 2016331418 a9788125062523 (hardback) a8125062521 (hardback) aI-E-2016331418; 62-92 a(OCoLC)ocn948975635 a(OCoLC)948975635 bLibrary of Congress -- New Delhi Overseas Office aDKAGEbengerdacDKAGEdOCLCOdOCLCAdOCLCFdOCLCOdOCLCQdDLC alccopycatalcode aa-ii---aaz-----00aDS480.84b.D382 201604a954.04bBAN/D00aDecolonisation and the politics of transition in South Asia /cedited by Sekhar Bandyopadhyay. 1aNew Delhi :bOrient BlackSwan,c2016. axiv, 440 pages ;c23 cm. atextbtxt2rdacontent aunmediatedbn2rdamedia avolumebnc2rdacarrier0 aCritical thinking in South Asian history aContributed articles. aIncludes bibliographical references (pages 398-421) and index. 0aDecolonizationzIndiaxHistory. 0aDecolonizationzSouth AsiaxHistory. 0aIndiaxPolitics and governmenty1947- 0aSouth AsiaxPolitics and government.1 aBandyopādhyāẏa, Śekharaeeditor.